000 00414nam a22001457a 4500
999 _c154958
_d154958
005 20181204174353.0
020 _a8183820182
_c95.00
035 _aB-218966 B-218998, B-218990
082 _a382.6
100 _aAllen,Michael E.
245 _aHow To Export and Import
_cby Michael E. Allen
260 _aNew Delhi
_bLotus Press
_c2006
300 _a120p.;
_c20cm
942 _2ddc
_cEN
_h382.6
_mALL